Cemerlang peperiksaan / (Record no. 667)

000 -LEADER
fixed length control field nam a22 a 4500
005 - DATE AND TIME OF LATEST TRANSACTION
control field 20170504145300.0
008 - FIXED-LENGTH DATA ELEMENTS--GENERAL INFORMATION
fixed length control field 170504s1998 my ||||| |||| 00| 0 eng d
020 ## - INTERNATIONAL STANDARD BOOK NUMBER
International Standard Book Number 9832033004
040 ## - CATALOGING SOURCE
Original cataloging agency AKMAL
082 ## - DEWEY DECIMAL CLASSIFICATION NUMBER
Classification number 155.5 JAN
090 ## - LOCALLY ASSIGNED LC-TYPE CALL NUMBER (OCLC); LOCAL CALL NUMBER (RLIN)
Classification number (OCLC) (R) ; Classification number, CALL (RLIN) (NR) 155.5
Local cutter number (OCLC) ; Book number/undivided call number, CALL (RLIN) JAN
100 00 - MAIN ENTRY--PERSONAL NAME
Personal name Janathan Kandok
9 (RLIN) 1436
245 10 - TITLE STATEMENT
Title Cemerlang peperiksaan /
Statement of responsibility, etc. Janathan Kandok
260 ## - PUBLICATION, DISTRIBUTION, ETC.
Place of publication, distribution, etc. Sabah
Name of publisher, distributor, etc. Supreme Focus
Date of publication, distribution, etc. 1998
300 ## - PHYSICAL DESCRIPTION
Extent ii, 53ms.
Dimensions 15cm
500 ## - GENERAL NOTE
General note dengan kata pengantar oleh pengarah pendidikan Sabah
650 #0 - SUBJECT ADDED ENTRY--TOPICAL TERM
Topical term or geographic name entry element Strategi belajar
9 (RLIN) 1437
650 #0 - SUBJECT ADDED ENTRY--TOPICAL TERM
Topical term or geographic name entry element Cemerlang peperiksaan
9 (RLIN) 1438
942 ## - ADDED ENTRY ELEMENTS (KOHA)
Source of classification or shelving scheme
Koha item type Book
950 ## - LOCAL HOLDINGS (RLIN)
Permanent shelving location, LOC (RLIN) AKMAL
Holdings
Withdrawn status Lost status Source of classification or shelving scheme Damaged status Not for loan Collection code Home library Current library Shelving location Date acquired Inventory number Total Checkouts Full call number Barcode Date last seen Price effective from Koha item type
          NON-FICTION AKMAL Melaka AKMAL Melaka PINJAMAN 04.05.2017 000342   155.5 JAN 201701468 04.05.2017 04.05.2017 Book
Pusat Sumber Maklumat Dato' Haji Sarmin Md Hussin, Akademi Kastam Diraja Malaysia, Melaka
Tel: 06-2331106 | Faks: 06-2313787